Finding duende : duende, play and theory ; imagination, inspiration, evasion /
For years, Federico García Lorca's lecture on duende has been a source of insight for writers and performers, including Ted Hughes, Nick Cave, Patti Smith and Amanda Gorman. Duende: Play and Theory not only provides a path into Lorca's poetics and the arts of Spain. It is one of the strang...
| Main Author: | |
|---|---|
| Other Authors: | , |
| Format: | Book |
| Language: | English Spanish |
| Language Notes: | Text in English and Spanish. |
| Published: |
Chicago :
Swan Isle Press,
[2023].
|
| Edition: | Bilingual edition. |
| Subjects: |
MARC
| Tag | First Indicator | Second Indicator | Subfields |
|---|---|---|---|
| LEADER | 00000cam a2200000 i 4500 | ||
| 001 | in00004784635 | ||
| 003 | OCoLC | ||
| 005 | 20240401205444.7 | ||
| 008 | 230905t20232023ilua b 000 0 eng | ||
| 010 | |a 2023036465 | ||
| 040 | |a DLC |e rda |c DLC | ||
| 020 | |a 9781736189375 |q paperback | ||
| 020 | |a 1736189379 |q paperback | ||
| 035 | |a (OCoLC)1396992025 | ||
| 041 | 1 | |a eng |a spa |h spa | |
| 050 | 0 | 0 | |a PQ6613.A763 |b F56 2023 |
| 082 | 0 | 0 | |a 868/.6209 |2 23/eng/20230912 |
| 100 | 1 | |a García Lorca, Federico, |d 1898-1936, |e author. | |
| 245 | 1 | 0 | |a Finding duende : |b duende, play and theory ; imagination, inspiration, evasion / |c Federico García Lorca ; edited by José Javier León & Christopher Maurer ; translated by Christopher Maurer. |
| 250 | |a Bilingual edition. | ||
| 250 | |a First edition. | ||
| 264 | 1 | |a Chicago : |b Swan Isle Press, |c [2023]. | |
| 264 | 4 | |c ©2023. | |
| 300 | |a 117 pages : |b illustrations (some color) ; |c 23 cm. | ||
| 336 | |a text |b txt |2 rdacontent | ||
| 337 | |a unmediated |b n |2 rdamedia | ||
| 338 | |a volume |b nc |2 rdacarrier | ||
| 546 | |a Text in English and Spanish. | ||
| 504 | |a Includes bibliographical references. | ||
| 505 | 0 | |a Finding duende / Christopher Maurer -- Mapping the duende / José Javier León -- Duende: play and theory = Juego y teoría del duende / Federico García Lorca -- Imagination, inspiration, evasion = Imaginación, inspiración, evasión / Federico García Lorca. | |
| 520 | |a For years, Federico García Lorca's lecture on duende has been a source of insight for writers and performers, including Ted Hughes, Nick Cave, Patti Smith and Amanda Gorman. Duende: Play and Theory not only provides a path into Lorca's poetics and the arts of Spain. It is one of the strangest, most compelling accounts of inspiration ever offered by a poet. Contrasting the demon called duende with the Angel and the Muse, Lorca describes a mysterious telluric, diabolical current, an irreducible "it," that can draw the best from both performer and audience. This new translation by Christopher Maurer, based on a thoroughly revised edition of the Spanish original of 1933, also included in this volume, offers a more accurate and fully annotated version of the lecture, with an introduction by eminent philologist José Javier León. Drawing on a deep knowledge of flamenco and correcting decades of discussion about duende and its supposed origins in Spanish folklore and popular speech, León shows to what extent the concept of duende, understood as the imp of artistic inspiration, was the playful, yet deadly serious, invention of Lorca himself. Lorca's bravura performance of duende is foreshadowed here with a bilingual version, the most complete ever, of his other major text on inspiration, "Imagination, Inspiration, Evasion," in which he calls for greater freedom in poetry as if searching for duende and its "constant baptism of newly created things." | ||
| 600 | 1 | 0 | |a García Lorca, Federico, |d 1898-1936 |v Translations into English. |
| 650 | 0 | |a Creation (Literary, artistic, etc.) | |
| 650 | 0 | |a Performing arts. | |
| 700 | 1 | |a León, José Javier, |d 1964- |e editor. | |
| 700 | 1 | |a Maurer, Christopher, |e editor, |e translator. | |
| 700 | 1 | 2 | |i Container of: |a García Lorca, Federico, |d 1898-1936. |t Juego y teoría del duende. |
| 700 | 1 | 2 | |i Container of: |a García Lorca, Federico, |d 1898-1936. |t Juego y teoría del duende. |l English. |
| 700 | 1 | 2 | |i Container of: |a García Lorca, Federico, |d 1898-1936. |t Imaginación, inspiración, evasión. |
| 700 | 1 | 2 | |i Container of: |a García Lorca, Federico, |d 1898-1936. |t Imaginación, inspiración, evasión. |l English. |
| 945 | |b 12390 | ||
| 947 | |a A14852514786 | ||
| 948 | |a dmitchel 4/1/24 3.50.30 | ||
| 980 | |b print |c 40032204610 |f NONFIC/B |g 565714 |k USD |m 22.40 |q 1 |s AcqMono Conventional |t Approval plan |u Vendor order reference number |v ZYBP |y Print approval |z Physical resource | ||
| 999 | f | f | |i c8d43997-4a9c-42fe-9adc-88514e34b26f |s c5af3ab1-f1a5-4e3e-bd48-b5f58a877eef |t 0 |
| 952 | f | f | |p newbook |a Texas A&M University |b College Station |c Sterling C. Evans Library |s Evans stk |d Evans: Library Stacks |t 0 |e PQ6613.A763 F56 2023 |h Library of Congress classification |i unmediated -- volume |m A14852514786 |